01118nam a2200253Ia 4500003000900000008004100009020001800050040001600068080002300084111010100107245019800208260003000406300001400436490005100450650004400501650002600545700002400571700003300595700002800628710004300656942000700699999001700706952014100723IN-BaIIA211028s9999 xx 000 0 eng d a1-4020-2961-6 cIIA Library a52(082.1)bASS-320 aSummer School and Workshop on Solar Magnetic Phenomenan3rdcAustriad2003 Aug. 25 -Sep 5929816 0aSolar magnetic phenomenabproceedings of the 3rd Summer school and workshop held in Kanzelhohe, Karnten, Austria, 25 Aug - 5 Sep 2003cedited by A. Hanslmeier, A. Veronig and M. Messerotti  aDordrechtbSpringerc2003 aix, 283p. aAstrophysics and space science library; v. 320 aSolar magnetic fields - congress929817 aSolar radiation95007 aHanslmeier, A., ed. aMesserotti, M., ed. 925745 aVeronig, A., ed.925746 aSonnenobservatorium Kanzelhoohe929818 cBK c16113d16113 00104070aBANbBANcGENd2006-02-21ePBPL g6362.93l0o52(082.1)/ ASS-320p17035r2021-11-05v6362.93w2006-02-21yBKGRs. 6362.93